[Event "Figueres op-B 18th"]
[Site "Figueres"]
[Date "2017.08.11"]
[Round "2"]
[White "Clot Chico, Arnau"]
[Black "Fernandez Marin, Antonio"]
[Result "1-0"]
[WhiteElo "1899"]
[BlackElo "1732"]
[PlyCount "71"]
[EventDate "2017.08.10"]
[EventType "swiss"]
[EventRounds "9"]
[EventCountry "ESP"]
[SourceTitle "EXT 2019"]
[Source "ChessBase"]
[SourceDate "2018.10.10"]
[SourceVersion "1"]
[SourceVersionDate "2018.10.10"]
[SourceQuality "1"]

1. e4 c5 2. Nf3 d6 3. d4 cxd4 4. Nxd4 g6 5. Nc3 Bg7 6. Be3 Nf6 7. f3 a6 8. Qd2 h5 9. h4 Nc6 10. 0-0-0 Ne5 11. Kb1 Bd7 12. Bg5 b5 13. Nd5 Nxd5 14. exd5 f6 15. Bf4 Qb6 16. Bd3 Kf7 17. Rhe1 a5 18. Ne6 b4 19. Bxe5 dxe5 20. Nxg7 Kxg7 21. f4 Bg4 22. fxe5 Bxd1 23. exf6+ Qxf6 24. Re6 Bxc2+ 25. Qxc2 Qxh4 26. Rxg6+ Kf7 27. Qe2 Qh1+ 28. Kc2 Rhc8+ 29. Kb3 a4+ 30. Kxb4 Rab8+ 31. Ka3 Rc3+ 32. bxc3 Qc1+ 33. Kxa4 Ra8+ 34. Ra6 Rxa6+ 35. Bxa6 Qxc3 36. Qf3+ 1-0